000 00359 a2200109 4500
001 ART_45066
005 20260410162038.0
008 260409a
245 1 0 _aTransformaciones en el empleo y el territorio
100 1 _aBussetti, Mónica
773 0 _tRevista de estudios regionales y mercado de trabajo
_g- N° 3 (ene./dic. 2007)
_wREV44894
999 _c34639
_d34639